MDQL
is popping MORE tags! Check the
thread
!
Quizzes
Events
Quiz Creation
Community
Videos
Private Events
Remove Ads
Sign In
Join for FREE
Feedback
Dark Mode
Quiz Categories
Sports
Geography
Music
Movies
Television
Just For Fun
Miscellaneous
History
Literature
Language
Science
Gaming
Entertainment
Religion
Holiday
For Kids
Quiz Lab
Recent
Popular Today
Quiz Kudos Today
Editor Picks
Curator Picks
Quizzes by...
Day
Popularity
Type
Ratings
Length
Year
Community
Subscriptions
Recent Discussions
Orange Saloon
Badges
Playlists
Quests
Create
Leaderboards
Showdown
Live 5
Trivia Bingo
Activity
Puzzle Library
Sporcle Events
Private Events
Virtual Trivia
Globe League
Become a Host
Pub Owners
SporcleCon
Opinionation
Our Games
Videos
Blog
Mobile Apps
Partnerships
Remove Ads and Go Orange
Feedback
Sports
Athletes
MLB
NBA
NHL
NFL
Soccer
Sports Teams
WWE
NCAA
Football
Premier League
Basketball
Baseball
Hockey
Golf
Tennis
Cricket
Rugby
Auto Racing
Olympics
World Cup
Sports
Athletes
MLB
NBA
NHL
NFL
Soccer
Sports Teams
WWE
NCAA
Football
Premier League
Basketball
Baseball
Hockey
Golf
Tennis
Cricket
Rugby
Auto Racing
Olympics
World Cup
Random Quiz
Search Sporcle
×
Quiz Lab
Quiz Lab
Sports
Hockey
Type in answers that appear in a list
Type in answers that appear in a list
Classic
Best Score? Go Orange.
New Jersey Devils 10+ Games Since 2013-14 Stats
Can you name the New Jersey Devils to Appear in at Least 10+ Games Since 2013-14?
By
svencheddar
10m
68 Questions
96 Plays
96 Plays
96 Plays
Comments
Comments
Give Quiz Kudos
Give Quiz Kudos
-
- Ratings
hide this ad
Replay
Link that replays current quiz
Next Quiz
Link to next quiz in quiz playlist
You Got
0%
They Got
Avg Score
49%
Avg Friend Score
Upgrade to see
Score Distribution
Jump to the score distribution portion of the page
Score
0/68
Timer
10:00
0
Plays Today
Player
% Correct
Travis Zajac
95.8%
Cory Schneider
94.8%
Andy Greene
93.8%
Taylor Hall
92.7%
Keith Kinkaid
91.7%
Patrik Elias
90.6%
Kyle Palmieri
90.6%
Martin Brodeur
89.6%
Mike Cammalleri
87.5%
Adam Henrique
87.5%
Damon Severson
85.4%
Stephen Gionta
83.3%
Adam Larsson
83.3%
John Moore
79.2%
Pavel Zacha
78.1%
Dainius Zubrus
74%
Jaromir Jagr
71.9%
Bryce Salvador
71.9%
Jacob Josefson
70.8%
Marek Zidlicky
70.8%
Steve Bernier
69.8%
Miles Wood
68.8%
Ryane Clowe
67.7%
Scott Gomez
67.7%
Tuomo Ruutu
66.7%
Jonathon Merrill
62.5%
Blake Coleman
60.4%
Steven Santini
60.4%
Eric Gelinas
59.4%
Stefan Matteau
58.3%
Mattias Tedenby
56.3%
Anton Volchenkov
56.3%
Reid Boucher
52.1%
Ben Lovejoy
52.1%
Player
% Correct
Mark Fayne
51%
Jiri Tlusty
51%
Stefan Noesen
47.9%
Michael Ryder
41.7%
Devante Smith-Pelly
40.6%
Joseph Blandisi
37.5%
PA Parenteau
36.5%
Mark Fraser
34.4%
Kyle Quincey
34.4%
Lee Stempniak
34.4%
Jordin Tootoo
34.4%
Seth Helgeson
32.3%
Ryan Carter
30.2%
Martin Havlat
30.2%
Damien Brunner
26%
Cam Janssen
25%
Beau Bennett
20.8%
Bobby Farnham
18.8%
Vernon Fiddler
18.8%
David Schlemko
18.8%
Luke Gazdic
16.7%
Sergey Kalinin
16.7%
Andrei Loktionov
16.7%
Peter Harrold
14.6%
Nick Lappin
14.6%
Tim Sestito
11.5%
Yohann Auvitu
10.4%
Tyler Kennedy
10.4%
Blake Pietila
10.4%
Brian O'Neill
9.4%
David Warsofsky
8.3%
Mike Sislo
7.3%
Karl Stollery
7.3%
Rostislav Olesz
6.3%
Quiz Playlist
Details
Report
Send in Message
Add To Playlist
Classic:
Type in answers that appear in a list
Last Updated: Mar 16, 2017
Quiz Scoreboard
CHALLENGE
Sign Up to Join the Scoreboard
Show All
Scores
Hide
Comments
May contain spoilers
Recently Published
5x2 Blitz: Bands
by SL_Kpop136
Music
30s
Colored Red Africa Blitz
by spor1
Geography
30s
Find the 'City' Movie
by crazypaving
Movies
60s
More to Explore
Quiz From the Vault
Featured Blog Post
14 Easter Pick-up Lines to Find Eggs With
hide this ad
You Might Also Like...
Tags
Hockey Quiz
NHL Quiz
New Jersey Devils
Today's Top Quizzes in Sports
Browse Sports
hide this ad
Today's Top Quizzes in Hockey
Browse Hockey
Top Contributed Quizzes in Sports
1
Players with Multiple 50 Home Run Seasons
2
Who Needs Fielders?
3
Criteria MLB: Left Handed Sluggers
4
MLB Players with Two .350 Batting Average Seasons
5
Who Hit More Homers?
6
2020 F1 Drivers Logic Puzzle
7
NBA Teammate Connections
8
Premier League Clubs since 2000 (minefield)
9
MLB Teams by First Game
10
Top 10 NHL Goal Scorers of All Time
Explore More
Trending Topics
Anime
Harry Potter
Disney
Kpop
Crossword
Marvel
NBA
Pokémon
Country
Puzzle
Soccer
Song
NFL
WWE
The Office
hide this ad
More By:
svencheddar
Quiz
Plays
Rating
Category
Featured
Created
NHL 2018-19 Captains and Assistants
865
5.00
Sports
Dec 2, 2018
NHL Numbers 1-98 (2017-18)
319
2.00
Sports
Dec 5, 2018
2016-17 NHL Best 3 Players to Wear Each Number (1-98)
257
3.00
Sports
Jan 13, 2017
New York Rangers 10+ Games Since 2013-14
231
5.00
Sports
Mar 16, 2017
Stanley Cup Winning Rosters Since The Lockout
189
5.00
Sports
Jan 18, 2017
Go to Creator's Profile
Score Distribution
Quiz Creator Spotlight
svencheddar
Follow
Send a Message
Quizzes Created
-
Created Quiz Play Count
-
More By This Creator
Popular Quizzes Today
1
Find the 'City' Movie
2
5x2 Blitz: Bands
3
Colored Red Africa Blitz
4
The Countries of the World
5
Find the US States - No Outlines Minefield
6
Find the US States
7
9x9 Crossword: Cartoon Network
8
US States
More Sports Quizzes
First XI: Van Gaal - Manchester United
Quiz Lab
Trending Quizzes
Colored Red Africa Blitz II
Colored Red Europe Blitz I
Colored Red Africa Blitz III
Colored Red Europe Blitz II
Colored Red Europe Blitz III
Recently Updated
Champions League XIs: Real Madrid
pecheneg
Largest US Cities 1790-2010
pecheneg
Rides in Walt Disney World
pecheneg
Most Oscar Losses (Acting)
pecheneg
Beyoncé Albums
pecheneg
Leaping Animals
pecheneg
Reality TV Shows (A-Z)
bhenderson79
Rickey Henderson's Hall of Fame Teammates
pecheneg
Champions League XIs: Arsenal
pecheneg
Quick Pick: Celebrities in WWE's Hall of Fame
aduchscher
Trending Topics
Harry Potter
Crossword
Marvel
Anime
Kpop
NBA
Disney
Puzzle
NFL
The Office
Soccer
Pokémon
WWE
Song
Country
Your Account Isn't Verified!
In order to create a playlist on Sporcle, you need to verify the email address you used during registration. Go to your
Sporcle Settings
to finish the process.
Report this User
Report this user for behavior that violates our
Community Guidelines
.
Details:
Send Report
Go to the Sporcle.com Mobile Site →
Comments